Statistics for English Premier League Trivia

Click here to take the quiz!

General Stats

  • This quiz has been taken 168 times
    (82 since last reset)
  • The average score is 17 of 20

Answer Stats

QuestionAnswer% Correct
Before 'Big Six', there are four clubs dominating the league.
They are called the 'Top Four'. Which four?
Arsenal
99%
Name a club that has never been relegated since 1992.Manchester United | Arsenal |
Tottenham Hotspur | Liverpool |
Everton | Chelsea
99%
Before 'Big Six', there are four clubs dominating the league.
They are called the 'Top Four'. Which four?
Chelsea
97%
And the two clubs that are not in 'Top Four' but in 'Big Six' are...Tottenham Hotspur
97%
Before 'Big Six', there are four clubs dominating the league.
They are called the 'Top Four'. Which four?
Liverpool
96%
And the two clubs that are not in 'Top Four' but in 'Big Six' are...Manchester City
96%
Before 'Big Six', there are four clubs dominating the league.
They are called the 'Top Four'. Which four?
Manchester United
96%
Name one club that has won the champion besides 'Big Six'.Blackburn Rovers | Leicester City
94%
Of which club? (Name one if there are several.)Blackburn Rovers |
Newcastle United | Southampton
93%
How many clubs has been the champion?7
92%
Who is the all-time top scorer of the league?Alan Shearer
89%
Which club is the northernmost club ever
to compete in the Premier League?
Newcastle United
89%
And at which county is it located? (Hint: a three-word county)Newcastle upon Tyne
89%
Two Welsh clubs has participated in the league. Which two?Cardiff City
87%
Which Premier League stadium is the largest in capacity?Old Trafford
87%
Two Welsh clubs has participated in the league. Which two?Swansea City
85%
How many clubs has competed in the league since 1992?50
70%
And how many league goals did he score?260
52%
Which club is the easternmost ever
to compete in the Premier League?
Norwich City
52%
And at which county is it located?
(Hint: The first three alphabet of the club's name
appears in the name of the county.)
Norfolk
45%

Score Distribution

Percentile by Number Answered

Percent of People with Each Score

Your Score History

You have not taken this quiz since the last reset